Γεωγραφία της υπαίθρου : διαδικασίες, αποκρίσεις και εμπειρίες αγροτικής αναδιάρθρωσης
Αποθηκεύτηκε σε:
| Κύριος συγγραφέας: | |
|---|---|
| Άλλοι συγγραφείς: | , |
| Μορφή: | Βιβλίο |
| Γλώσσα: | Greek English |
| Δημοσίευση: |
Αθήνα :
Κριτική,
2011.
|
| Σειρά: | Επιστημονική βιβλιοθήκη (Κριτική)
|
| Θέματα: | |
| Ετικέτες: |
Προσθήκη ετικέτας
Δεν υπάρχουν, Καταχωρήστε ετικέτα πρώτοι!
|
MARC
| LEADER | 00000cam a2200000 i 4500 | ||
|---|---|---|---|
| 001 | 1/26576 | ||
| 008 | 130225s2011 gr | ||| |||| ||gre|| | ||
| 020 | |a 9789602187173 | ||
| 035 | |l 10113858 | ||
| 040 | |a GR-MyUa |b gre |e AACR2 | ||
| 041 | 1 | |a gre |h eng | |
| 082 | 7 | |a 333.7615 |2 (22) | |
| 082 | 7 | |a 333.76 |2 (23) | |
| 100 | 1 | |a Woods, Michael. | |
| 245 | 1 | 0 | |a Γεωγραφία της υπαίθρου : |b διαδικασίες, αποκρίσεις και εμπειρίες αγροτικής αναδιάρθρωσης / |c Michael Woods ; πρόλογος-επιμέλεια: Θεοδοσία Ανθοπούλου ; μετάφραση: Γιώργος Μελισσουργός. |
| 260 | |a Αθήνα : |b Κριτική, |c 2011. | ||
| 300 | |a 509 σ. : |b εικ. ; |c 25 εκ. | ||
| 490 | 1 | |a (Επιστημονική βιβλιοθήκη / Κριτική) | |
| 500 | |a Τίτλος πρωτοτύπου: Rural geography : processes, responses and experiences in rural restructuring. | ||
| 504 | |a Βιβλιογραφία: σ. [469]-502. Ευρετήριο. | ||
| 650 | 0 | |a Rural conditions. | |
| 650 | 0 | |a Rural geography. | |
| 650 | 0 | |a Rural development. | |
| 650 | 0 | |a Agriculture and state. | |
| 650 | 0 | |a Sociology, Rural. | |
| 700 | 1 | |a Ανθοπούλου, Θεοδοσία, |e edtf | |
| 700 | 1 | |a Μελισσουργός, Γιώργος, |e trl | |
| 830 | 0 | |a Επιστημονική βιβλιοθήκη (Κριτική) | |
| 852 | |a INST |b LEMNOS |e 20140408 |h 333.76 WOO |p 005600001008 |q 005600001008 |t BK |y 0 | ||
| 852 | |a INST |b LEMNOS |c EUDOXUS |e 20190611 |h 333.76 WOO |p 005600002379 |q 005600002379 |t BK |y 0 | ||
| 852 | |a INST |b LEMNOS |c EUDOXUS |e 20210708 |h 333.76 WOO |p 005600003426 |q 005600003426 |t BK |y 0 | ||
| 852 | |a INST |b LESVOS |c EUDOXUS |e 20130225 |h 333.7615 WOO |p 005100051792 |q 005100051792 |t EDX |y 0 | ||
| 852 | |a INST |b LESVOS |c EUDOXUS |e 20130225 |h 333.7615 WOO |p 005100051793 |q 005100051793 |t EDX |y 0 | ||
| 852 | |a INST |b LESVOS |c EUDOXUS |e 20150202 |h 333.7615 WOO |p 005100056417 |q 005100056417 |t EDX |y 0 | ||
| 852 | |a INST |b LESVOS |c EUDOXUS |e 20150202 |h 333.7615 WOO |p 005100056418 |q 005100056418 |t EDX |y 0 | ||
| 852 | |a INST |b RHODES |c EUDOXUS |e 20180613 |h 333.7615 WOO |p 005400040139 |q 005400040139 |t EDX |y 0 | ||
| 852 | |a INST |b SYROS |c EUDOXUS |e 20180503 |h 333.7615 WOO |p 005500013359 |q 005500013359 |t EDX |y 0 | ||
| 901 | |a BIBL1-2013-1 | ||
| 901 | |a BIBL6-2014-1 | ||
| 901 | |a BIBL1-2015-1 | ||
| 920 | |a Εύδοξος |b Επιστροφή |y Ρόδος |z 2018-06 | ||
| 920 | |a Εύδοξος |b Παραγγελία |y Λέσβος-ΤΓ |z 2013-01 | ||
| 920 | |a Εύδοξος |b Παραγγελία |y Λέσβος |z 2015-01 | ||
| 920 | |a Εύδοξος |b Επιστροφή |y Σύρος |z 2018-04 | ||
| 920 | |a Εύδοξος |b Παραγγελία |y Λήμνος-ΤΕΤΔ |z 2019-05 | ||
| 920 | |a Εύδοξος |b Παραγγελία |y Λήμνος-ΤΕΤΔ |z 2021-05 | ||
| 922 | |a 6ΕΛΗ |b 201306 |c ΤΑΚ/ΤΕΤΔ |d Best Book Hunters | ||
| 970 | |a Τζαφέρη |b Ευαγγελία |z 25/02/2013 | ||